| 000 | 00540nam a2200193Ia 4500 | ||
|---|---|---|---|
| 005 | 20250508162103.0 | ||
| 008 | 008 250505s9999 xx 000 0 hin d | ||
| 037 | _aTextual | ||
| 040 |
_aFEDL _beng _cFEDL |
||
| 041 |
_ahin _2eng |
||
| 084 |
_a491.207, MIS/O _qFEDL |
||
| 100 |
_aMishra Prabhashankar _9772258 |
||
| 245 | 0 | _aSanskrit shikshan | |
| 260 |
_aChandigarh, India _bHaryana Hindi Granth Akademi _c1974 |
||
| 300 | _a173p | ||
| 365 |
_aINR _b10 |
||
| 942 |
_cTEXL _h491.207, MIS/O |
||
| 999 |
_c1374303 _d1374303 |
||